Word Ladder: Caribbean Nation Quiz Stats

 Plays Quiz Updated May 3, 2015

Challenge
Share
Tweet
Embed
Score 0/25 Timer 04:00
0 Plays Today
Clue 5-Letter Word % Correct
Karate rank indicatorsBELTS
95.7%
Toys for a windy dayKITES
95.6%
Church chimersBELLS
95.3%
Sinks one's teeth intoBITES
95.1%
Bagpipers wear themKILTS
94.8%
'Beauty and the Beast' beautyBELLE
93.1%
Popular brand of jeansLEVIS
91.1%
Whip marksWELTS
91%
Best Actress Oscar winner KathyBATES
90.9%
Droops in the heatWILTS
89.9%
Language of 'e pluribus unum'LATIN
89.2%
• Caribbean Nation: [Rung 1] [Rung 14] and [Rung 25] ••KITTS•
86%
No longer freshSTALE
80.9%
Clue 5-Letter Word % Correct
Fancy meaty party spreadsPATES
76.9%
'Alice' star LindaLAVIN
72.9%
• Caribbean Nation: [Rung 1] [Rung 14] and [Rung 25] ••SAINT•
72.1%
'Rosemary's Baby' author IraLEVIN
71.7%
Get closer to eveningLATEN
68.9%
• Caribbean Nation: [Rung 1] [Rung 14] and [Rung 25] ••NEVIS•
65.4%
Jazzy street in MemphisBEALE
62.7%
Eucharist platePATEN
61%
Tour of dutySTINT
60.3%
Black Panthers cofounder BobbySEALE
60.2%
Subway entranceSTILE
57.3%
Tall-legged wading birdSTILT
51.8%

Today's Daily Dose

Word Ladder
Faux Pas

Quick Pick
Pacific Islands

On This Day
November 20th II

You're not logged in!

Compare scores with friends on all Sporcle quizzes.
Join for Free
OR
Log In

You Might Also Like...

Show Comments

Extras

Top Quizzes Today


Score Distribution

Your Account Isn't Verified!

In order to create a playlist on Sporcle, you need to verify the email address you used during registration. Go to your Sporcle Settings to finish the process.

Report this User

Report this user for behavior that violates our Community Guidelines.

Details: